| 000 | 00828nam a22002297a 4500 | ||
|---|---|---|---|
| 001 | 47631 | ||
| 003 | BD-RjUL | ||
| 005 | 20211209054345.0 | ||
| 008 | 160809s1966 bg a|||| |||| 00| 0 ben d | ||
| 020 | _c : TK 6.50 | ||
| 035 | _a(BD-RjUL)47750 | ||
| 040 |
_aBD-RjUL _bben _cBD-RjUL |
||
| 041 | _aben | ||
| 082 |
_223 _a641 _bHUG 1966 |
||
| 100 | 1 |
_aহক, তৈয়বা _9144739 |
|
| 245 | 1 | 0 |
_aগৃহবিজ্ঞান : খাদ্য, স্বাস্থ্য ও রান্না / _cতৈয়বা হক |
| 260 |
_aঢাকা : _bবাংলা একাডেমী, _c১৯৬৬ |
||
| 300 |
_a[চার], ৩৪৫ পৃ. : _bচিত্রবলী ; _c২১ সেমি. |
||
| 650 |
_a খাদ্য পানীয় _9144740 |
||
| 650 |
_aFood & Drink _9144741 |
||
| 942 |
_2ddc _cBK |
||
| 999 |
_c47631 _d47631 |
||